| Registos Bibliográficos associados ao registo de autoridade |
|
Etiqueta de registo: 00000nam 2200025 450 001 2064614 003 http://id.bnportugal.gov.pt/bib/catbnp/2064614 010 ## $a978-989-52-9355-1 021 ## $aPT$b474784/20 100 ## $a20210323d2020 c y0pory01030103ba 101 0# $apor 102 ## $aPT 105 ## $aa z 000gy 106 ## $ar 200 1# $a O planeta da Galochas$fMarta Duarte$gil. Madalena Sena 205 ## $a1ª ed 210 #9 $aLisboa$cFlamingo,$d2020 215 ## $a39, [5] p.$cil.$d21 cm 675 ## $a087.5$vBN$zpor$3287999 675 ## $a821.134.3-93"20"$vBN$zpor$31046482 675 ## $a821.134.3-1"20"$vBN$zpor$31023893 700 #1 $aDuarte,$bMarta,$f1978-$31802614 702 #1 $aSena,$bMadalena$4440$31802616 801 #0 $aPT$bBN$gRPC 856 41 $uhttp://rnod.bnportugal.gov.pt/ImagesBN/winlibimg.aspx?skey=&doc=2064614&img=148871&save=true 900 ## $aBIBNAC$d20210416 966 ## $lBN$mFGMON$sP. 57340 V.$x1
Etiqueta de registo: 00000nam 2200025 450 001 2069221 003 http://id.bnportugal.gov.pt/bib/catbnp/2069221 010 ## $a978-989-20-9271-3 021 ## $aPT$b453066/19 100 ## $a20210512d2019 c y0pory01030103ba 101 0# $apor 102 ## $aPT 105 ## $aa z 000fy 106 ## $ar 200 1# $a Um livro feliz$fLúcia Morgado$gil. Marta Duarte 210 #9 $a[S.l.]$cLúcia Morgado,$dD.L. 2019 215 ## $a[49] p.$ctodo il.$d21 cm 675 ## $a087.5$vBN$zpor$3287999 675 ## $a821.134.3-93"20"$vBN$zpor$31046482 675 ## $a821.134.3-34"20"$vBN$zpor$31018838 700 #1 $aMorgado,$bLúcia$31227774 702 #1 $aDuarte,$bMarta,$f1978-$4440$31802614 801 #0 $aPT$bBN$gRPC 856 41 $uhttp://rnod.bnportugal.gov.pt/ImagesBN/winlibimg.aspx?skey=&doc=2069221&img=150356&save=true 900 ## $aBIBNAC$d20210607 966 ## $lBN$mFGMON$sP. 57614 V.$x1 966 ## $lBN$mFGMON$sP. 57614 V.-D$x1
Etiqueta de registo: 00000nam 2200025 450 001 2077561 003 http://id.bnportugal.gov.pt/bib/catbnp/2077561 010 ## $a978-989-37-0809-5 021 ## $aPT$b482051/21 100 ## $a20210802d2021 c y0pory01030103ba 101 0# $apor 102 ## $aPT 105 ## $aa z 000fy 106 ## $ar 200 1# $a O meu avô não virou estrelinha$fMarta Duarte$gil. Madalena Sena 205 ## $a1ª ed 210 #9 $aLisboa$cFlamingo,$d2021 215 ## $a73, [3] p.$cil.$d21 cm 675 ## $a087.5$vBN$zpor$3287999 675 ## $a821.134.3-93"20"$vBN$zpor$31046482 675 ## $a821.134.3-34"20"$vBN$zpor$31018838 700 #1 $aDuarte,$bMarta,$f1978-$31802614 702 #1 $aSena,$bMadalena$4440$31802616 801 #0 $aPT$bBN$gRPC 856 41 $uhttp://rnod.bnportugal.gov.pt/ImagesBN/winlibimg.aspx?skey=&doc=2077561&img=154391&save=true 900 ## $aBIBNAC$d20210914 966 ## $lBN$mFGMON$sP. 58280 V.$x1 971 ## $cfatima $d20210802 972 ## $e1$d20210914$vasantos 973 ## $cmmoinhos$d20210908
Etiqueta de registo: 00000nam 2200025 450 001 2114224 003 http://id.bnportugal.gov.pt/bib/catbnp/2114224 010 ## $a978-989-37-4026-2 021 ## $aPT$b501945/22 100 ## $a20221104d2022 c y0pory01030103ba 101 0# $apor 102 ## $aPT 105 ## $aa z 000gy 106 ## $ar 200 1# $aGalochas e a reciclagem$fMarta Duarte$gil. Madalena Sena 205 ## $a1ª ed 210 #9 $aLisboa$cFlamingo,$d2022 215 ## $a46, [6] p.$cil.$d22 cm 675 ## $a087.5$vBN$zpor$3287999 675 ## $a821.134.3-93"20"$vBN$zpor$31046482 675 ## $a821.134.3-1"20"$vBN$zpor$31023893 700 #1 $aDuarte,$bMarta,$f1978-$31802614 702 #1 $aSena,$bMadalena$4440$31802616 801 #0 $aPT$bBN$gRPC 856 41 $uhttp://rnod.bnportugal.gov.pt/ImagesBN/winlibimg.aspx?skey=&doc=2114224&img=171038&save=true 900 ## $aBIBNAC$d20221123 966 ## $lBN$mFGMON$sP. 61223 V.$x1 971 ## $carosa$d20221104 972 ## $d20221123$e0$vlrevez$z0 973 ## $cmlsousa$d20221107 975 ## $e0$d20221124$visabelm
Etiqueta de registo: 00230nam 2200025 450 001 2166006 003 http://id.bnportugal.gov.pt/bib/catbnp/2166006 010 ## $a9789895724208 021 ## $aPT$b518934/23 100 ## $a20240506d2023 m y0pory01030103ba 101 0# $apor 102 ## $aPT 105 ## $ay z 000ay 106 ## $ar 200 1# $aUrdir a teia da vida$fMarta Duarte 205 ## $a1ª ed 210 #9 $aCarnaxide$cCordel d'Prata,$d2023 215 ## $a194, [2] p.$d22 cm 675 ## $a821.134.3-31"20"$vBN$zpor$31044234 700 #1 $aDuarte,$bMarta,$f1978-$31802614 801 #0 $aPT$bBN$gRPC 856 41 $uhttp://rnod.bnportugal.gov.pt/ImagesBN/winlibimg.aspx?skey=&doc=2166006&img=193805&save=true 900 ## $aBIBNAC$d20240618 966 ## $lBN$mFGMON$sL. 171055 V.$x1 971 ## $ccsilva$d20240506 972 ## $e0$z0$d20240618$viquintas 973 ## $cigoulao$d20240507 974 ## $e0$d20240521$vrsimoes
Etiqueta de registo: 00254nam 2200025 450 001 2284442 003 http://id.bnportugal.gov.pt/bib/catbnp/2284442 010 ## $a978-989-8304-73-5 021 ## $aPT$b490245/21 100 ## $a20260415d2021 m y0pory01030103ba 101 0# $apor 102 ## $aPT 105 ## $aa z 000yy 106 ## $ar 200 1# $aSem dor, somos livres de sentir e pensar$fAna Moderno, Marta Duarte, Rafael Vieira$gil. Bruno Gaspar$gcoord. téc. Cátia Azevedo... [et al.] 210 #9 $aPorto$cEAPN - Rede Europeia Anti-Pobreza,$d2021 215 ## $a79 p.$cil.$d23 cm 700 #1 $aModerno,$bAna,$f1977-$31804546 701 #1 $aDuarte,$bMarta,$f1978-$4070$31802614 701 #1 $aVieira,$bRafael$f1979-$4070$31960622 702 #1 $aGaspar,$bBruno,$f1979-$4440$31325463 702 #1 $aAzevedo,$bCátia$4340$31696371 801 #0 $aPT$bBN$gRPC 966 ## $lBN$mFGMON$x1 971 ## $cisantos$d20260415
|
|
|